Statistics for 1960's Song Titles: Picture Clues

Click here to take the quiz!

General Stats

  • This quiz has been taken 95 times
  • The average score is 7 of 20

Answer Stats

Answer% Correct
America
75%
Hair
75%
Albatross
59%
The Letter
58%
Keep On Running
46%
Lily The Pink
44%
No Milk Today
44%
Substitute
43%
Mother's Little Helper
39%
Green Tambourine
38%
Fire Brigade
34%
Little Arrows
33%
Up On The Roof
33%
Cherry Cherry
28%
Old Brown Shoe
28%
The Boat That I Row
23%
Sunny
13%
King Midas In Reverse
11%
Reflections
10%
One Inch Rock
5%

Score Distribution

Percentile by Number Answered

Percent of People with Each Score

Your Score History

You have not taken this quiz